000 00814nam a2200193Ia 4500
008 100122s9999 xx 000 0 und d
082 _b21950
_a954
100 _aदळवी जे पी
245 _aएका पराभवाची कहाणी 28/1
250 _a1
260 _bब.मो.पुरंदरे
_c1972
300 _a304
520 _aभारत -चीन युध्द 1962 ची कहाणी (Himalayan Blunder चा अनुवाद )
620 _aभारत -चीन युध्द 1962 ची कहाणी (Himalayan Blunder चा अनुवाद )
630 _aएका पराभवाची कहाणी 28/1
700 _aभावे अनंत
730 _aएका पराभवाची कहाणी 28/1
942 _cBOOK
999 _c409904
_d409901